| 000 | 00508nam a2200193 4500 | ||
|---|---|---|---|
| 003 | SEACOMMC | ||
| 005 | 20231010064524.0 | ||
| 008 | 231010b |||||||| |||| 00| 0 eng d | ||
| 020 | _cRs. 115.00 | ||
| 040 | _aSEACOMMC | ||
| 082 |
_a631.304 _bCHA |
||
| 100 | 1 | _aChapman, W.A.J. | |
| 245 | 1 |
_aWorkshop Technology _ban introductory course _cW.A.J. Chapman |
|
| 250 | _a5th ed. | ||
| 260 |
_aNew Delhi _bViva _c2004 |
||
| 650 | _aAgriculture | ||
| 650 | _aTools, machinery, apparatus, equipment | ||
| 942 | _cBOOK | ||
| 999 |
_c58 _d58 |
||